Responses for Show #3053 - Wednesday, December 3, 1997

Contestants

[<< previous game]

Kent Meckling, a resident physician from Portland, Oregon

Chris Potters, an antique dealer from San Diego, California

Tom Castelazo, a middle school teacher originally from Fresno, California (whose 1-day cash winnings total $2,801)

[next game >>]

Jeopardy! Round responses

MAMMALS
LEADING MEN
LANGUAGE
QUOTATIONS
GENESIS
BEFORE & AFTER
(Alex: If you have watched "Wheel of Fortune", you will know what that category is all about.)
    $100 16
Polar bear

Tom
    $100 21
Clint Eastwood

Tom
    $100 6
Bad

Chris
    $100 1
Rome

Tom
    $100 11
Twos/pairs

Tom
    $100 26
Christopher Robin Hood

Chris
    $200 17
Cottontail

Tom
    $200 22
Paul Newman

Tom
    $200 7
Vowels

Tom
    $200 2
His country

Tom
    $200 12
Seventh day

Kent
    $200 27
Kenny G.I. Joe

Chris
    $300 18
Hippopotamus

Tom
    $300 23
Al Pacino

Kent
    $300 8
American Sign Language

Tom
    $300 3
It might have been

Chris
    $300 13
Seth

Kent
    $300 28
Teacher's Pet Shop Boys

Kent
    $400 19
Otters

Tom
    $400 24
Wesley Snipes

Tom
    $400 9
Whistle

Kent
    $400 4
(Alex: I don't like that advice!)

Meals

Triple Stumper
    $400 14
(Kent: Who was Noah?)

Abraham

Kent
Triple Stumper
    $400 29
Punctuation Mark Hamill

Triple Stumper
    $500 20
Duck-billed platypus

Chris
    $500 25
(Alex: We have a minute to go.)

The Sound of Music

Kent
    $500 10
Yiddish

Chris
    $500 5
Katherine Anne Porter

Triple Stumper
    $500 15
Trees

Kent
    $500 30
(Tom: Who is Daisy Abner Doubleday?)

Li'l Abner Doubleday

TomKent

Scores at the first commercial break (after clue 14):

Tom Chris Kent
$900 $900 $500

Scores at the end of the Jeopardy! Round:

Tom Chris Kent
$2,100 $1,700 $2,600

Double Jeopardy! Round responses

PRESIDENTS ON THE MOVE
"LOVE" SONGS
WORLD CITIES
WHY, I OTTO...
POTENT POTABLES
RHYME TIME
    $200 6
"What's Love Got To Do With It"

Tom
    $200 11
Mexico City

Chris
    $200 16
Ottoman

Kent
    $200 21
Vodka

Tom
    $200 1
Fender bender

Kent
    $1,000 7
"Addicted To Love"

Tom
    $400 12
Salzburg

Chris
    $400 17
Otto von Bismarck

Tom
    $400 22
Malt liquor

Tom
    $400 2
"Flo-Jo"

Chris
    $600 28
[The end-of-round signal sounds.]

Abraham Lincoln

Tom
    $600 8
"I Will Always Love You"

Tom
    $600 13
Phnom Penh

Tom
    $600 18
Otto Frank

Tom
    $600 23
(Kent: What is whiskey?)
(Alex: Be more specific.)
(Kent: [No response])
...
(Alex: And we have less than a minute to go.)

bourbon

ChrisKent
    $600 3
Hippy Dippy

Triple Stumper
    $800 27
Ulysses S. Grant

Triple Stumper
    $800 9
"Hello, I Love You"

Tom
    $800 14
(Chris: What is Winnipeg?)
(Kent: What is Saskatoon?)

Regina

ChrisKent
Triple Stumper
    $2,000 19
Airplane!

Tom
    $800 24
Margarita

Chris
    $800 4
Willy-nilly

Triple Stumper
    $1000 26
Richard Nixon

Kent
    $1000 10
"I Love How You Love Me"

Triple Stumper
    $1000 15
(Tom: What is Machu Picchu?)
(Chris: What is Lima?)

Cuzco

TomChris
Triple Stumper
    $1000 20
Otto Klemperer

Tom
    $1000 25
Old Fashioned

Triple Stumper
    $1000 5
Mark Clark

Triple Stumper

Scores at the end of the Double Jeopardy! Round:

Tom Chris Kent
$9,500 $2,300 $2,600
(lock game)

[wagering suggestions for these scores]

Final Jeopardy! Round responses

SCULPTURE
ChrisWhat is? Hi, Mary!
$2,100
KentWhat is -----
$0
TomWhat is the Minuteman
$2,500
the Minuteman Statue (by Daniel Chester French)

Final scores:

Tom Chris Kent
$12,000 $200 $2,600
2-day champion: $14,801 3rd place: Panasonic Large Color LCD Palmcorder 2nd place: Trip to Doubletree Guest Suites, New York City

Game dynamics:

Coryat scores:

Tom Chris Kent
$7,700 $2,300 $2,600
24 R
(including 3 DDs),
2 W
11 R,
2 W
11 R,
3 W

Combined Coryat: $12,600

[game clues] [game scores] [suggest correction]

Game tape date: Unknown
The J! Archive is created by fans, for fans. Scraping, republication, monetization, and malicious use prohibited; this site may use cookies and collect identifying information. See terms. The Jeopardy! game show and all elements thereof, including but not limited to copyright and trademark thereto, are the property of Jeopardy Productions, Inc. and are protected under law. This website is not affiliated with, sponsored by, or operated by Jeopardy Productions, Inc. Join the discussion at JBoard.tv.